00538nam a2200169Ia 450000500170000000800410001702000150005808200130007310000160008624500510010226000420015330000130019550000420020894200060025095200970025699900150035320250612013547.0240331s9999 xx 000 0 und d a955910246X bDEAa305 aDe Alwis, M 0aSri Lankave sthreen chanda balayatakala satana aColombobSocial Scientist Association a106 p ., aSri Lankan women fight against voting cL 001040708LaWERCLbWERCLcSSCd2024-03-31l0o 305.4 DEAp4561r2024-03-31w2024-03-31yL c1635d1635